000 00789nam a2200265Ia 4500
005 20260121165015.0
008 008 260114s9999 xx 000 0 eng d
020 _a9781137501424
037 _aEBOOK
040 _aCRL
040 _beng
040 _cCRL
041 _2eng
041 _aeng
084 _qCRL
100 _aAyse Guveli, Harry Ganzeboom, Lucinda Platt, Bernhard Nauck, Helen Baykara-Krumme, Sebnem Eroglu, Sait Bayrakdar, Efe K. Sözeri, Niels Spierings, ?ebnem Ero?lu
_91046381
245 0 _aIntergenerational consequences of migration
260 _bSpringer
260 _bSpringer
260 _c2016
856 _uhttps://link.springer.com/openurl?genre=book&isbn=978-1-137-50142-4
942 _cEBOOK
999 _c1612106
_d1612106